| 000 | 01390cam a22002414a 4500 | ||
|---|---|---|---|
| 005 | 20150922082314.0 | ||
| 008 | 031231s2004 ne a b 001 0 eng | ||
| 020 | _a0125158513 (hardcover : alk. paper) | ||
| 040 |
_aDLC _cDLC _dDLC _dCO-BoIAVH |
||
| 041 | _aeng | ||
| 082 | 0 | 0 |
_a551.4654 _bN48e |
| 245 | 0 | 0 |
_aEcological psychoacoustics / _cEditado por John G. Neuhoff. |
| 260 |
_aAmsterdam ; _aBoston : _bElsevier Academic Press, _c2004. |
||
| 300 |
_axvi, 350 páginas : _bilustraciones ; _c24 cm. |
||
| 504 | _aIncluye referencias bibliográficas. | ||
| 505 | 0 | _aIntroduction and history / John Neuhoff -- Auditory scene analysis / Bob Carlyon & Rhodri Cusack -- Auditory timing & attention / Mari Jones -- Auditory localization and motion / John Neuhoff -- Auditory objects / Dave VanValkenburg & Michael Kubovy -- Auditory display / Greg Kramer & Bruce Walker -- Environmental acoustics / Sonoko Kuwano & Seiichiro Namba -- Development / Lynne Werner & Lori Leibold -- Speech / Lawrence Rosenblum -- Perceptual interaction / John Neuhoff -- Pitch / Mark Schmuckler -- Loudness / Robert Schlauch. | |
| 650 | 0 | _aPercepción auditiva. | |
| 650 | 0 |
_aPercepción auditiva. _xAspectos ambientales |
|
| 650 | 0 |
_aPercepción auditiva. _xAspectos ecológicos |
|
| 650 | 0 | _aPsicología Ambiental. | |
| 700 | 1 |
_aNeuhoff, John G. _eEditor |
|
| 942 |
_2ddc _cLIBRO |
||
| 999 |
_c5011 _d5011 |
||